00779nam a2200253 a 450000500170000000800410001701000140005802000230007202000260009503500130012103700150013404000180014908200110016710000190017824500670019725000120026426000510027627000450032730000380037250000390041065000190044965000210046865000360048920090520113643.0881109s1989 nyua b 001 0 eng  aENG-93617 a0070140901c450.00 a9780070140905c450.00 aEN-77150 bDBAD / PUB adplbEnglish  a004.21 aSenn, James A. aAnalysis and design of information systems /cby James A. Senn a2nd ed. aNew Delhi bTata McGraw-Hill Publishing c2009 a7, West Patel Nagar,bNew Delhi e110008 axvii, 853 p. :bill. c25cm(pbk)  aIncludes bibliographies and index. aSystem design. aSystem analysis. aManagement information systems.